000 00465nam a2200157Ia 4500
999 _c22709
_d22709
003 OSt
005 20200319113949.0
008 190216s9999||||xx |||||||||||||| ||und||
040 _coclc
082 _a954.830088297
_bGAN/M
100 _aGangadharan, M
_92076
245 0 _aMappila Padanangal /
_cM Gangadharan
260 _bVachanam Books,
_aCalicut:
_c2004.
300 _a144p
942 _cBK
_2ddc
_h954.830088297
_iGAN/M
_k954.830088297
_mGAN/M